| 000 | 00557nam a2200193Ia 4500 | ||
|---|---|---|---|
| 008 | 131103s9999 xx 000 0 und d | ||
| 040 | _aLoreto College | ||
| 041 | _aEnglish | ||
| 082 |
_a379.2/379.24/CIP _bLCLIB/18212 |
||
| 100 | _aCipolla,Carlo M. | ||
| 245 |
_aLiteracy and development in the west _cCarlo M.Cipolla |
||
| 260 |
_aHarmondsworth _bPenguin Books _c1969 |
||
| 300 |
_a144 p. _c 18 cm. |
||
| 440 | _aPelican Original | ||
| 504 | _aIncludes bibliographical references and index | ||
| 650 | _aLiterary | ||
| 850 | _aLCLIB | ||
| 942 | _cBK | ||
| 999 |
_c10797 _d61276 |
||